Mahulányi Józsefet helynökké nevezték ki holnap tartják a katolikus imanapot Komáromban ...

Bibliographic Details
Format: Article
Language:Hungarian
PhysicalDescription:Fotogr.
ISSN:1335-7050
Subjects:

MARC

LEADER 00000nab a2200000 ar4500
001 vtls009287000
003 SK-MaSNL
005 20260318121846.0
008 080418c20080412xo |||||||| 000 b|hun
015 |a SNBRB2008/04  |2 snkbucl 
038 |a SNKBUCL 
040 |a DSZK  |b slo  |c DSZK  |e AACR2 
041 0 |a hun 
044 |a xo  |c SK 
080 |a 282  |x (437.6)  |2 1997 
080 |a 262.3  |x (437.6)  |2 1997 
080 |a 262.141  |x (=511.141)  |x (437.6)  |2 1997 
080 |a 260.2  |x (=511.141)  |x (437.6)  |2 1997 
245 0 0 |a Mahulányi Józsefet helynökké nevezték ki  |b holnap tartják a katolikus imanapot Komáromban ...  |c [szerző] (-MSz) 
300 |b Fotogr. 
600 1 7 |a Mahulányi, Jozef,  |d 1966-  |x biskupský vikár  |2 snkbucl  |9 1557734 
610 2 7 |a Rímskokatolícka cirkev.  |b Banskobystrická diecéza  |2 snkbucl  |9 163604 
648 7 |a 2008  |2 snkbucl  |9 317238 
648 7 |a 10.4.2008  |2 snkbucl  |9 538431 
650 0 7 |a maďarskí veriaci  |z Slovensko  |2 snkbucl  |9 1052480 
650 0 7 |a pastorácia  |2 snkbucl  |9 1972 
650 0 7 |a biskupskí vikári  |2 snkbucl  |9 1039564 
651 7 |a Banská Bystrica (Slovensko)  |2 snkbucl  |9 22015 
773 0 |t Új szó  |g Évf. 61, sz. 86 (12.4.2008), o. 2  |x 1335-7050 
852 |a SNK  |b KIS3GCP 
852 |a DSZK  |b KIS3GCP 
958 |a HU 
958 |a SK 
958 |a NT 
999 |c 3168366  |d 3170296